000 00694nam a2200193 i 4500
001 73751
003 ES-MaACL
005 20230906171920.0
007 t|
008 040910s1959 sp ||||1| spa d
100 0 _aGómez-Tabanera, José Manuel,
_d1926-2011
_958165
245 1 0 _aIdentificación del denominado "Licornio" de la Cueva de Lscaux como antílope Saiga /
_cJ.M. Gómez-Tabanera.
260 _aZaragoza :
_b[s.n.,
_c1959] (
_fTip. La Académica)
300 _a2 h., 9 lám. ;
_c24 cm.
500 _aPrecede al tít: V Congreso Arqueológico Nacional.
711 2 _aCongreso Arqueológico Nacional (
_n5º)
_9284
852 _aES-MaACL
_j2022-F-23
_bR.48637
999 _c73751
_d73751